00995 2200397 4500001002100000005001500021035002500036008004100061020001800102082001500120100001200135245005300147250002000200260003000220300004200250500001100292650001600303650001700319850001200336980001500348985000600363040001700369084001700386041000800403504003400411990001500445990001500460990001500475990001500490990001600505990001500521990001500536990001500551990001500566990001600581YOGYA-0209000001775620190306114329 a0010-020900000017756090227s1993 jbia g 1 ind  a979-547-052-304223a632.950 aBaehaki0 aInsektisida pengendalian hama tanaman /cBaehaki aCetakan pertama3 aBandung :bAngkasa,c1993 avi, 148 halaman :bilustrasi ;c21 cm aIndeks 4aInsektisida 4aHama tanaman aYOPDYOG a11-02-2006 a2 aYOPDYOGbind a632.95 BAE i0 aind aBibliografi : halaman 147-148 a69608-P/95 a45901-P/93 a69606-P/95 a69607-P/95 a4148-P/2000 a45901-P/93 a69608-P/95 a69606-P/95 a69607-P/95 a4148-P/2000